Vplyv pandémie COVID-19 na vybrané účtovné jednotky pôsobiace v turistickom ruchu v SR bakalárska práca

Saved in:
Bibliographic Details
Main Author: Kákoni, Aurel
Corporate Author: Fakulta hospodárskej informatiky EU. Katedra účtovníctva a audítorstva
Other Authors: Parajka, Branislav, 1981-
Format: Book
Language:Slovak
Published: Bratislava 2024
Tags: Add Tag
No Tags, Be the first to tag this record!

MARC

LEADER 00000nbm a2200000 4500
001 0304111
005 20250131101841.1
041 0 |a slo 
044 |a SK 
245 1 0 |a Vplyv pandémie COVID-19 na vybrané účtovné jednotky pôsobiace v turistickom ruchu v SR  |b bakalárska práca  |c Aurel Kákoni ; školiteľ: Branislav Parajka 
264 1 |a Bratislava  |c 2024 
300 |a 48 s. 
100 1 |a Kákoni, Aurel 
700 1 |a Parajka, Branislav, 1981- 
710 2 |a Fakulta hospodárskej informatiky EU. Katedra účtovníctva a audítorstva